| 000 | 00616nam a22001817a 4500 | ||
|---|---|---|---|
| 005 | 20251108165549.0 | ||
| 008 | 250721s2002 xx 000 0 ara d | ||
| 082 | 1 | 4 | _a218.51/لكن |
| 100 | 1 | _aاللكنوي، أبو الحسنات محمد عبد الحي | |
| 245 | 1 | 0 | _aاللطائف المستحسنة بجمع خطب السنة / |
| 264 | 1 |
_aعمان : _bدار النفائس، _c2002. |
|
| 300 | _a280ص | ||
| 650 | 1 | 7 | _aالوعظ و الإرشاد |
| 650 | 1 | 7 | _aالخطب الدينية |
| 700 | 1 |
_aأبو الحاج، صلاح محمد سالم _eتحقيق |
|
| 942 |
_2ddc _cBK |
||
| 999 |
_c30887 _d30887 |
||